000 00331nam a2200133Ia 4500
100 _aIntel
650 _aElectrical Engineering
942 _cBK
654 _aMicroprocessor & Peripherals
245 _aMicroprocessor & Peripherals Hand Book
260 _bIntel Corporation
_aEngland
_c1983
082 _a621.3
546 _aENGLISH
999 _c30805
_d30805